000 00602nam a2200205 a 4500
005 20210223130213.0
008 070612s2006 mx r 000 0 spa d
020 _a9685963703
035 _aUPN01000150501
049 _aCG
050 4 _aPQ6656 A4.2
_bC3.7
100 1 _aFalcones de Sierra, Ildefonso,
_d1959-
245 1 3 _aLa catedral del mar /
_cIldefonso Falcones.
260 _aMéxico :
_bGrijalbo,
_cc2006.
300 _a669 p.
440 0 _aNovela histórica
610 1 4 _aBARCELONA.
_bSANTA MARIA DEL MAR (IGLESIA)
_98219
651 4 _aBARCELONA, ESPAÑA -
_vNOVELA
_95502
905 _aLibro
999 _c122642
_d122642